Yampa Valley Airport Destinations (Hayden, CO, USA) - Statistics

General Stats
  • This quiz has been taken 32 times
  • The average score is 14 of 16
Answer Stats
Airline Destination % Correct
Delta Air Lines Atlanta
100%
American Airlines Dallas/Fort Worth
100%
Southwest Airlines Dallas (Love)
100%
Southwest Airlines/United Airlines/United Express Denver
96%
United Express Houston (Intercontinental)
96%
United Express Los Angeles
96%
Alaska Airlines Seattle/Tacoma
96%
American Eagle/United Airlines Chicago (O'Hare)
92%
United Airlines Washington (Dulles)
92%
United Airlines Newark
88%
United Express San Francisco
88%
JetBlue Boston
85%
Delta Air Lines Minneapolis/St. Paul
85%
Alaska Airlines San Diego
81%
JetBlue Fort Lauderdale
58%
Southwest Airlines Nashville
54%
No matching quizzes found
Score Distribution
Percent of People with Each Score
Percentile by Number Answered
Your Score History
You have not taken this quiz